Top 50 UK Baby Girl Names in the 1300's - Statistics

General Stats
  • This quiz has been taken 518 times
  • The average score is 14 of 50
Answer Stats
# Name % Correct
49 Mary
97%
17 Elizabeth
93%
35 Anne
86%
8 Marg
81%
6 Margaret
79%
14 Katherine
77%
20 Sarah
71%
26 Is
65%
3 Joan
63%
5 Isabel
61%
1 Alice
60%
30 Rose
56%
40 Eleanor
54%
28 Lucy
48%
10 Ellen
45%
37 Eve
42%
2 Agnes
38%
15 Edith
37%
4 Matilda
35%
18 Beatrice
31%
39 Marion
29%
13 Christine
24%
32 Mabel
20%
42 Mag
19%
45 Agatha
17%
38 Annabel
17%
34 Constance
14%
9 Margery
13%
11 Julian
12%
7 Emme
8%
23 Christian
6%
27 Isolde
4%
24 Avice
3%
12 Cecile
3%
25 Denise
3%
33 Lettice
3%
21 Sybil
3%
16 Amice
2%
29 Petronille
2%
44 Clemence
1%
22 Felice
1%
47 Godelena
1%
46 Helwise
1%
48 Lora
1%
19 Magot
1%
50 Margr
1%
31 Mariot
1%
43 Evita
0%
41 Ibot
0%
36 Idony
0%
No matching quizzes found
Score Distribution
Percent of People with Each Score
Percentile by Number Answered
Your Score History
You have not taken this quiz